[Event "Challenge"]
[Site "http://www.queenalice.com/game.php?id=732319"]
[Date "2010.2.15"]
[Round "-"]
[White "solo"]
[Black "McNinja"]
[Result "0-1"]
[WhiteElo "1763"]
[BlackElo "1841"]

1. e4 e5 2. Qh5 Nc6 3. Bc4 g6 4. Qf3 Nf6 5. c3 Bc5 6. d3 d6 7. h3 Be6 8. Bb5 d5
9. Bg5 Be7 10. Bxf6 Bxf6 11. Nd2 a6 12. Bxc6+ bxc6 13. c4 dxe4 14. dxe4 Bg5 15.
Rd1 Rb8 16. b3 f5 17. exf5 O-O 18. Qxc6 Rb6 19. Qc5 Rxf5 20. Ndf3 Rd6 21. Rxd6
cxd6 22. Qc6 Qa5+ 23. Kd1 Qxa2 24. Qe8+ Kg7 25. Qxe6 Rxf3 26. Qd7+ Rf7 27. Qxd6
Rxf2 28. Qxe5+ Kh6 29. Nf3 Qb1# 0-1

[Event "Challenge"]
[Site "http://www.queenalice.com/game.php?id=732338"]
[Date "2010.2.15"]
[Round "-"]
[White "copadeplata"]
[Black "solo"]
[Result "1-0"]
[WhiteElo "1884"]
[BlackElo "1761"]

1. e4 e5 2. Nf3 d6 3. Bc4 a6 4. Nc3 c6 5. d4 exd4 6. Nxd4 Nf6 7. O-O d5 8. exd5
cxd5 9. Nxd5 Nxd5 10. Qh5 g6 11. Qxd5 Qxd5 12. Bxd5 Bg7 13. Re1+ Kd7 14. Be3 Nc6
15. Nxc6 bxc6 16. Bxf7 Bxb2 17. Rad1+ Kc7 18. Bf4+ Kb7 19. Rb1 Rf8 20. Rxb2+ Ka7
21. Be3+ c5 22. Bxc5# 1-0

[Event "Challenge"]
[Site "http://www.queenalice.com/game.php?id=732339"]
[Date "2010.2.15"]
[Round "-"]
[White "solo"]
[Black "Tertulia"]
[Result "1-0"]
[WhiteElo "1732"]
[BlackElo "1344"]

1. e4 e5 2. Qh5 Qf6 3. d3 g6 4. Qf3 d6 5. h3 Nc6 6. c3 h5 7. Qxf6 Nxf6 8. Bg5
Nd7 9. Nf3 f6 10. Be3 Nc5 11. Bxc5 dxc5 12. Nbd2 Be6 13. Nh4 Bf7 14. Be2 Rg8 15.
a3 1-0

[Event "Challenge"]
[Site "http://www.queenalice.com/game.php?id=734114"]
[Date "2010.2.19"]
[Round "-"]
[White "colatina"]
[Black "solo"]
[Result "1-0"]
[WhiteElo "1555"]
[BlackElo "1763"]

1. e4 e5 2. Nf3 d6 3. c3 Bg4 4. Be2 a6 5. h3 Bxf3 6. Bxf3 c6 7. d4 exd4 8. Qxd4
Qf6 9. Bf4 Qxf4 10. Qd3 Qc1+ 11. Qd1 Qxb2 12. Nd2 Qxc3 13. O-O Nf6 14. Rc1 Qb2
15. Rb1 Qxa2 16. Rxb7 d5 17. Re1 dxe4 18. Bxe4 Nxe4 19. Rxe4+ Kd8 20. Nc4+ Kc8
21. Rb6 Bc5 22. Qe1 Kc7 23. Re7+ Bxe7 24. Qxe7+ Nd7 25. Qd6+ Kd8 26. Rb7 Qa1+
27. Kh2 Ke8 28. Qxd7+ Kf8 29. Qxf7# 1-0

[Event "Challenge"]
[Site "http://www.queenalice.com/game.php?id=734748"]
[Date "2010.2.20"]
[Round "-"]
[White "Leofelix"]
[Black "solo"]
[Result "0-1"]
[WhiteElo "1504"]
[BlackElo "1712"]

1. d4 d5 2. Nd2 Nc6 3. Ngf3 f6 4. e4 Bg4 5. h3 Bxf3 6. Qxf3 Nxd4 7. Qe3 Nxc2+ 8.
Ke2 Nxe3 9. Kxe3 dxe4 10. Nxe4 e6 11. Be2 f5 12. Nc3 c6 13. Rd1 Qb6+ 14. Kf3 Nf6
15. Be3 Qxb2 16. Rab1 Qxc3 17. Rb3 Qe5 18. Bd3 b6 19. Re1 Qd5+ 20. Ke2 Qxg2 21.
Bc4 Nd5 22. Bd2 Qe4+ 23. Kd1 Qxc4 24. Rxe6+ Kd7 25. Re2 Re8 26. Rxe8 Kxe8 27.
Ke1 Bc5 28. Rg3 g6 29. Be3 Qxa2 30. Bd2 Qb1+ 31. Ke2 f4 32. Rf3 Qe4+ 33. Be3
Nxe3 34. fxe3 Bxe3 35. h4 Bc5+ 36. Kf1 Qxf3+ 37. Ke1 Rf8 38. h5 Rf6 39. hxg6
Rxg6 40. Kd2 Rg2+ 41. Ke1 Bb4# 0-1

[Event "Challenge"]
[Site "http://www.queenalice.com/game.php?id=735102"]
[Date "2010.2.20"]
[Round "-"]
[White "solo"]
[Black "massimo"]
[Result "1/2-1/2"]
[WhiteElo "1715"]
[BlackElo "1767"]

1. e4 e5 2. Qh5 Nc6 3. Bc4 g6 4. Qf3 Nf6 5. c3 d6 6. h3 Be7 7. Bb5 O-O 8. Bxc6
bxc6 9. d3 d5 10. exd5 cxd5 11. Bg5 e4 12. dxe4 Nxe4 13. Bxe7 Qxe7 14. Ne2 Ba6
15. Nd2 Rfe8 16. Nxe4 dxe4 17. Qe3 Red8 18. O-O Rd3 19. Qc1 Rd6 20. Re1 Rad8 21.
Ng3 Bb7 22. f3 Re6 23. fxe4 Bxe4 24. Qf4 Bc6 25. Rxe6 fxe6 26. Qc4 Bd5 27. Qb4
c5 28. Qf4 Qb7 29. Qf2 Rf8 30. Qd2 Qc7 31. Qe3 c4 32. Rf1 Rf7 33. Rxf7 Qxf7 34.
Ne4 Qb7 35. Nf6+ Kh8 36. Qd2 Qb6+ 37. Kh1 Qd8 38. Qf2 Qa8 39. Qd2 a5 40. a3 a4
41. Kg1 Qd8 42. Qg5 Qb6+ 43. Kh2 Qxb2 44. Nxd5 exd5 45. Qxd5 Qxc3 46. Qd8+ Kg7
47. Qd7+ Kh6 48. Qxa4 Qb3 49. Qa7 Qd3 50. Qa6 Qc2 51. Qf6 c3 52. Qf4+ Kg7 53.
Qc7+ Kh6 54. Qf4+ g5 55. Qf6+ Kh5 56. Qf3+ Kg6 57. Qc6+ Kf5 58. Qd5+ Kf4 59.
Qd4+ Kf5 60. Qd7+ Kg6 1/2-1/2

[Event "Challenge"]
[Site "http://www.queenalice.com/game.php?id=737306"]
[Date "2010.2.25"]
[Round "-"]
[White "Stegyre"]
[Black "solo"]
[Result "1-0"]
[WhiteElo "1873"]
[BlackElo "1722"]

1. Nf3 d5 2. d4 Bg4 3. e3 Bxf3 4. Qxf3 e6 5. Bd3 Qf6 6. Qe2 a6 7. Nc3 Bb4 8. Bd2
Nc6 9. a3 Bxc3 10. bxc3 Qg5 11. O-O Qf6 12. c4 dxc4 13. Bxc4 Nge7 14. Bb3 O-O
15. c4 Rfd8 16. Bc3 b6 17. Qb2 Qg6 18. Rfd1 b5 19. Bc2 f5 20. d5 exd5 21. cxd5
Rxd5 22. Bb3 Kh8 23. Bxd5 Nxd5 24. Rxd5 Rd8 25. Rxd8+ Nxd8 26. Rd1 Ne6 27. Bxg7+
Nxg7 28. Rd8+ 1-0

[Event "Challenge"]
[Site "http://www.queenalice.com/game.php?id=738203"]
[Date "2010.2.26"]
[Round "-"]
[White "Leofelix"]
[Black "solo"]
[Result "0-1"]
[WhiteElo "1625"]
[BlackElo "1719"]

1. e4 e5 2. Nf3 d6 3. Nc3 c6 4. Bc4 a6 5. O-O Bg4 6. d3 h6 7. h3 Bxf3 8. Qxf3
Qf6 9. Qe3 Nd7 10. Bd2 Be7 11. f4 exf4 12. Rxf4 Qg5 13. Qf2 f6 14. h4 Qc5 15.
Be3 Qb4 16. Rb1 Ne5 17. Qg3 Bf8 18. Qf2 Nxc4 19. e5 Qa5 20. dxc4 dxe5 21. Bb6
Qb4 22. a3 Qe7 23. Ne4 exf4 24. Re1 Kf7 25. Ng5+ hxg5 26. Rxe7+ Bxe7 27. hxg5
fxg5 28. g3 Bd6 29. gxf4 gxf4 30. Qg2 Rh6 31. Bd4 Rg6 32. Kf2 Rxg2+ 33. Kxg2 Re8
34. c5 Bc7 35. Kf3 Nf6 36. b4 Nh5 37. c4 Rd8 38. Bc3 Rd3+ 39. Kg4 Rxc3 40. b5 g6
41. bxa6 bxa6 42. a4 Rxc4 43. Kf3 Rxa4 44. Kf2 Ra3 45. Kf1 f3 46. Kf2 Nf4 47.
Kf1 Nh3 48. Ke1 f2+ 49. Kf1 Ra1+ 0-1

[Event "Challenge"]
[Site "http://www.queenalice.com/game.php?id=738743"]
[Date "2010.2.28"]
[Round "-"]
[White "ORNELAS"]
[Black "solo"]
[Result "1-0"]
[WhiteElo "1662"]
[BlackElo "1734"]

1. d4 d5 2. c3 Bf5 3. Nd2 e6 4. Ndf3 f6 5. g3 Be4 6. Bg2 Bxf3 7. Nxf3 Nc6 8. Qb3
Na5 9. Qb5+ Nc6 10. Qxb7 Nge7 11. Qb3 Rb8 12. Qc2 g6 13. O-O Bg7 14. e4 O-O 15.
Bh3 e5 16. Be6+ Kh8 17. dxe5 dxe4 18. Qxe4 f5 19. Qh4 Nxe5 20. Nxe5 Bxe5 21. Bg5
Re8 22. Bf7 Qd7 23. Bf6+ Bxf6 24. Qxf6# 1-0

[Event "Challenge"]
[Site "http://www.queenalice.com/game.php?id=738854"]
[Date "2010.2.28"]
[Round "-"]
[White "solo"]
[Black "SalsaQueen"]
[Result "1-0"]
[WhiteElo "1731"]
[BlackElo "1589"]

1. e4 e5 2. Qh5 Nf6 3. Qxe5+ Be7 4. d3 Nc6 5. Qg5 O-O 6. Qg3 h6 7. Bxh6 Nh5 8.
Qg4 Kh7 9. Qxh5 g6 10. Qf3 Kxh6 11. c3 Bg5 12. Nh3 Ne5 13. Qd1 d6 14. Nxg5 Qxg5
15. Qd2 1-0

[Event "Challenge"]
[Site "http://www.queenalice.com/game.php?id=738855"]
[Date "2010.2.28"]
[Round "-"]
[White "RN"]
[Black "solo"]
[Result "1-0"]
[WhiteElo "1354"]
[BlackElo "1719"]

1. Nc3 d5 2. d4 e6 3. e4 dxe4 4. Nxe4 Nc6 5. Nf3 h6 6. Bb5 Bd7 7. Nc5 Rb8 8. Ne5
Bxc5 9. dxc5 Nxe5 10. Bxd7+ Nxd7 11. Qg4 g6 12. O-O Nxc5 13. Rd1 Qe7 14. b4 Nd7
15. Qd4 f6 16. Qxa7 Qxb4 17. Ba3 Qb6 18. Qa4 Rd8 19. Rab1 Qc6 20. Qb4 b6 21.
Rxd7 Rxd7 22. Qf8# 1-0

[Event "Challenge"]
[Site "http://www.queenalice.com/game.php?id=739262"]
[Date "2010.3.1"]
[Round "-"]
[White "solo"]
[Black "rconley23"]
[Result "1-0"]
[WhiteElo "1717"]
[BlackElo "1109"]

1. e4 e5 2. Qh5 Nf6 3. Qxe5+ Be7 4. d3 d6 5. Qg5 d5 6. Qxg7 Rf8 7. f3 dxe4 8.
fxe4 Bb4+ 9. c3 Bc5 10. Bg5 Qd6 11. d4 Bg4 12. Bxf6 Nc6 13. e5 Qd5 14. Qxg4 Na5
15. dxc5 Rd8 16. Qe2 Qxc5 17. Bxd8 1-0

[Event "Challenge"]
[Site "http://www.queenalice.com/game.php?id=740235"]
[Date "2010.3.3"]
[Round "-"]
[White "steinie"]
[Black "solo"]
[Result "0-1"]
[WhiteElo "1440"]
[BlackElo "1793"]

1. d3 e5 2. e4 h6 3. Nf3 d6 4. Nc3 c6 5. b4 Bg4 6. h3 Bxf3 7. Qxf3 Qf6 8. Qh5 g6
9. Qd1 Ne7 10. Rb1 b5 11. Be3 d5 12. a3 d4 13. Bd2 dxc3 14. Bxc3 Qd6 15. h4 h5
16. g3 Bg7 17. Bh3 Nd7 18. O-O Nf6 19. f4 Ng4 20. Rf3 f6 21. Ba1 f5 22. exf5
gxf5 23. Qd2 a6 24. Rff1 Rg8 25. Bg2 O-O-O 26. Rfe1 Ng6 27. Rb3 Ne7 28. Bb2 c5
29. Rc3 c4 30. Qe2 Nd5 31. Bxd5 Qxd5 32. dxc4 Qd4+ 33. Kf1 Qb6 34. cxb5+ Kb8 35.
bxa6 e4 36. Rb3 Bxb2 37. Rxb2 Ka7 38. b5 Rd5 39. a4 Rgd8 40. c4 Rd4 41. Rc2 Qa5
42. Ra1 Rc8 43. c5 Rxa4 44. b6+ Kb8 45. Rac1 Qxa6 46. Rb1 Qxe2+ 47. Kxe2 Ra5 48.
Rbc1 Rc6 49. Rd1 Raxc5 50. Rb2 Kb7 51. Rd7+ Kb8 52. b7 Rc2+ 53. Rd2 Rxd2+ 54.
Rxd2 Kxb7 55. Rd5 Rf6 56. Rd7+ Kc6 57. Rh7 Rh6 58. Rf7 Rf6 59. Ra7 Kd5 60. Ra5+
Kc4 61. Ra8 e3 62. Kf3 Nh2+ 63. Ke2 Kd4 64. Rh8 Rg6 65. Rd8+ Kc5 66. Re8 Rxg3
67. Re5+ Kd4 68. Rxf5 Rg2+ 69. Ke1 e2 70. Re5 Kd3 71. Rd5+ Ke4 72. Re5+ Kxf4 73.
Rxe2 Rxe2+ 74. Kxe2 Kg4 75. Kf2 Kxh4 76. Kg2 Ng4 77. Kh1 Kg3 78. Kg1 Nf2 79. Kf1
Nh3 80. Ke2 Kg2 81. Ke3 h4 0-1

[Event "Challenge"]
[Site "http://www.queenalice.com/game.php?id=741388"]
[Date "2010.3.5"]
[Round "-"]
[White "tewald"]
[Black "solo"]
[Result "0-1"]
[WhiteElo "1831"]
[BlackElo "1775"]

1. e4 e5 2. Nf3 d6 3. g3 Bg4 4. Bg2 h6 5. d3 Nc6 6. Nbd2 Bxf3 7. Nxf3 Nd4 8. c3
Nxf3+ 9. Qxf3 Qf6 10. O-O g5 11. Re1 O-O-O 12. b4 b6 13. d4 Qxf3 14. Bxf3 f6 15.
Be2 Kb8 16. a4 exd4 17. cxd4 Bg7 18. Bb2 h5 19. Red1 Ne7 20. d5 h4 21. a5 Kc8
22. axb6 axb6 23. Bb5 Kb7 24. Rdc1 Ra8 25. Rxa8 Rxa8 26. Ra1 Rxa1+ 27. Bxa1 hxg3
28. hxg3 Nc8 29. f4 gxf4 30. gxf4 Na7 31. Bd3 c6 32. dxc6+ Kxc6 33. Kf2 d5 34.
Ke3 Nc8 35. Bc3 Nd6 36. Bd4 Nc4+ 37. Bxc4 dxc4 38. b5+ Kxb5 39. Bc3 Kc5 40. Bd4+
Kc6 41. Bc3 b5 42. Kd4 Bh6 43. f5 Bf4 44. Bb4 Be5+ 45. Ke3 Kd7 46. Kd2 Ke8 47.
Ke3 Kf7 48. Kd2 Kg7 49. Kc2 Kh6 50. Bd2+ Kh5 51. Kb1 Kg4 52. Kc2 Kf3 0-1

[Event "Challenge"]
[Site "http://www.queenalice.com/game.php?id=742590"]
[Date "2010.3.7"]
[Round "-"]
[White "solo"]
[Black "Gamingo"]
[Result "1-0"]
[WhiteElo "1762"]
[BlackElo "1695"]

1. e4 e5 2. Qh5 Nc6 3. Bc4 Qe7 4. Nc3 Nf6 5. Qh4 d6 6. h3 Nd4 7. Bd3 Be6 8. Nge2
g6 9. Nxd4 exd4 10. Ne2 c5 11. c3 dxc3 12. dxc3 Bg7 13. Bg5 O-O-O 14. Nf4 h6 15.
Bxf6 Bxf6 16. Qg3 g5 17. Nxe6 fxe6 18. O-O Kb8 19. f3 e5 20. c4 b6 21. a4 Kc7
22. a5 bxa5 23. Rxa5 Kc8 24. Rfa1 Rd7 25. Qg4 Kd8 26. Rb5 Rb7 27. Raa5 Kc7 28.
Ra6 Ra8 29. Bc2 Kd8 30. Ba4 Bg7 31. Rxb7 1-0

[Event "Challenge"]
[Site "http://www.queenalice.com/game.php?id=746872"]
[Date "2010.3.16"]
[Round "-"]
[White "solo"]
[Black "Leofelix"]
[Result "1-0"]
[WhiteElo "1809"]
[BlackElo "1674"]

1. e4 e5 2. Qh5 Nf6 3. Qxe5+ Qe7 4. Qxc7 Qxe4+ 5. Ne2 Nc6 6. d3 Qd5 7. Qf4 Bd6
8. Qe3+ Ne7 9. Qg5 Qxg5 10. Bxg5 Nfd5 11. Bxe7 Bxe7 12. a3 O-O 13. Nec3 Nxc3 14.
Nxc3 Bg5 15. Be2 d6 16. Ne4 Bf4 17. g3 Be5 18. c3 Bf5 19. Bf3 Rfe8 20. O-O Rac8
21. d4 Bxe4 22. Bxe4 Bxd4 23. Bxb7 Rc7 24. Bf3 Bf6 25. Rfe1 Rce7 26. Rxe7 Rxe7
27. Kf1 Rb7 28. Bxb7 g6 29. Rd1 h5 30. Rxd6 Kg7 31. Ke2 Be5 32. Rd7 Kf8 33. Bd5
Kg7 34. Rxf7+ Kh6 35. Rxa7 Kg5 36. Ra5 Kf6 37. Ra6+ Kg5 38. Be4 h4 39. Rxg6+ 1-0

[Event "Challenge"]
[Site "http://www.queenalice.com/game.php?id=748172"]
[Date "2010.3.19"]
[Round "-"]
[White "solo"]
[Black "Thomerson"]
[Result "1/2-1/2"]
[WhiteElo "1820"]
[BlackElo "1706"]

1. e4 e5 2. Qh5 Nc6 3. Bc4 g6 4. Qf3 Nf6 5. c3 d5 6. Bxd5 Bg4 7. Qg3 Bd6 8. d3
Qd7 9. h3 Be6 10. Bxc6 Qxc6 11. Bg5 Nh5 12. Qf3 a5 13. g4 Nf4 14. Bf6 O-O 15.
Bg5 Qb5 16. b3 Nxd3+ 17. Kd2 Nf4 18. Bxf4 exf4 19. Ne2 c5 20. Nxf4 Bxf4+ 21.
Qxf4 Rad8+ 22. Ke1 Qd3 23. Nd2 Qxc3 24. Rd1 b5 25. Qe3 Qc2 26. Ra1 c4 27. bxc4
bxc4 28. Qe2 c3 29. Nf3 Qa4 30. Rc1 Bxa2 31. Rxc3 Rfe8 32. Qc2 Rxe4+ 33. Kf1
Bc4+ 34. Kg2 Qc6 35. Qc1 a4 36. Qa3 Rf4 37. Kg3 Qc7 38. Qxa4 Rfd4+ 39. Kg2 Bf1+
40. Rxf1 Qxc3 41. Nxd4 Rxd4 42. Qa1 Qc6+ 43. Kg1 Rd3 44. f3 Qd5 45. Kg2 h5 46.
gxh5 Qxh5 47. Qa8+ Kg7 48. Qe4 Qg5+ 49. Qg4 Rd2+ 50. Rf2 Rxf2+ 51. Kxf2 Qxg4 52.
fxg4 Kh6 53. h4 f5 54. gxf5 gxf5 55. Kf3 Kh5 56. Kf4 Kxh4 57. Kxf5 Kh3 1/2-1/2

[Event "Challenge"]
[Site "http://www.queenalice.com/game.php?id=750546"]
[Date "2010.3.23"]
[Round "-"]
[White "solo"]
[Black "Sigmund"]
[Result "0-1"]
[WhiteElo "1844"]
[BlackElo "1703"]

1. e4 e5 2. Qh5 d6 3. Bc4 Qe7 4. Nc3 g6 5. Qf3 Nf6 6. h3 Bg7 7. d3 O-O 8. Bg5
Nc6 9. Nge2 a6 10. a3 b5 11. Bd5 Bb7 12. Bxc6 Bxc6 13. O-O a5 14. Nd5 Bxd5 15.
exd5 e4 16. dxe4 Qxe4 17. c3 Qxf3 18. gxf3 Nxd5 19. Nf4 Nxf4 20. Bxf4 f5 21.
Rfe1 Rae8 22. Bg5 Rxe1+ 23. Rxe1 Bf6 24. Bxf6 Rxf6 25. Re7 Rf7 26. Re8+ Kg7 27.
Rb8 c6 28. Rc8 c5 29. Rd8 Rf6 30. Rd7+ Kh6 31. Kg2 Kg5 32. Rxh7 d5 33. Rd7 d4
34. cxd4 cxd4 35. Rxd4 f4 36. Rd5+ Rf5 37. Rd6 Rc5 38. b4 axb4 39. axb4 Re5 40.
Rc6 Rd5 41. Rc5 Rxc5 42. bxc5 Kf6 43. c6 Ke7 44. c7 Kd7 45. c8=Q+ Kxc8 46. Kf1
Kc7 47. Ke1 Kc6 48. Kd2 Kc5 49. Kc3 b4+ 50. Kb3 Kb5 51. h4 Kc5 52. Kc2 Kc4 53.
Kb2 b3 54. Kb1 Kc3 55. Kc1 b2+ 56. Kb1 Kd2 57. h5 gxh5 0-1

[Event "Challenge"]
[Site "http://www.queenalice.com/game.php?id=758632"]
[Date "2010.4.9"]
[Round "-"]
[White "ORNELAS"]
[Black "solo"]
[Result "0-1"]
[WhiteElo "1759"]
[BlackElo "1831"]

1. b3 e5 2. d3 d5 3. Bb2 d4 4. c3 Nc6 5. a3 a5 6. c4 b6 7. Nf3 f6 8. Nbd2 Bf5 9.
Nh4 Nge7 10. Ndf3 g5 11. Nxf5 Nxf5 12. g3 h5 13. Ng1 g4 14. Bc1 Qd7 15. e4 dxe3
16. Bxe3 Nxe3 17. Qe2 Nf5 18. Qe4 Nfd4 19. Qg6+ Qf7 20. Qe4 Qd7 21. Qg6+ Qf7 22.
Qe4 f5 23. Qd5 Qd7 24. Qxd7+ Kxd7 25. Ra2 Nxb3 26. Bg2 Nc1 27. Rc2 Nxd3+ 28. Kf1
e4 29. Ne2 Bxa3 30. Kg1 Bc5 31. h4 Nxf2 32. Kh2 Rad8 33. Rf1 Rhf8 34. Nf4 Nd3
35. Nxh5 Bd4 36. Ng7 Bxg7 37. Kg1 Nd4 38. Rd2 Bh6 39. Ra2 Kc8 40. Rfa1 Bg7 41.
Ra3 Nb2 42. c5 Nc4 43. Ra4 Ne2+ 44. Kh2 Bxa1 45. Rxc4 bxc5 46. Rxc5 a4 47. Ra5
Nc3 48. Ra8+ Kb7 49. Ra5 Rd5 50. Rxd5 Nxd5 51. Kg1 Ne3 52. Bh1 Rd8 53. Kf2 Rd3
54. Ke2 Bd4 55. h5 Nc4 56. h6 Rxg3 57. Kf1 Rh3 58. Kg2 Ne3+ 59. Kg1 Rxh6 60. Bg2
Nxg2+ 61. Kxg2 a3 62. Kg3 a2 63. Kf4 a1=Q 64. Kg5 Qa6 65. Kxf5 Qf6+ 66. Kxe4 Rh4
67. Kd3 Rh3+ 68. Kc4 Rc3+ 69. Kd5 Rc5+ 70. Ke4 Qe5+ 71. Kd3 Qe3# 0-1

[Event "Challenge"]
[Site "http://www.queenalice.com/game.php?id=761643"]
[Date "2010.4.15"]
[Round "-"]
[White "steinie"]
[Black "solo"]
[Result "1-0"]
[WhiteElo "1493"]
[BlackElo "1822"]

1. c4 d5 2. d3 dxc4 3. Qa4+ c6 4. Qxc4 Be6 5. Qe4 Nf6 6. Qe3 Ng4 7. Qd2 h6 8.
Nc3 Bf5 9. h3 Nf6 10. Nf3 Qd6 11. e4 Bxe4 12. Nh4 Bh7 13. Be2 g5 14. Nf3 Bg7 15.
O-O Nd5 16. Ne4 Bxe4 17. dxe4 Nf4 18. Bc4 Qxd2 19. Nxd2 Nd7 20. Re1 O-O-O 21.
Re3 e6 22. Rb1 Ne5 23. Bf1 Ned3 24. Nc4 Ne5 25. Nd2 Nfd3 26. Nb3 Nxc1 27. Rxc1
Nd7 28. Rc2 Nb6 29. Rf3 Rhf8 30. Nc5 Nd7 31. Na4 Bd4 32. Rd3 e5 33. b3 Nc5 34.
Nxc5 Bxc5 35. Rxc5 Rxd3 36. Bxd3 Rd8 37. Be2 f6 38. Ra5 Kb8 39. Rc5 Rd2 40. Bc4
Rxa2 41. b4 a6 42. Bxa2 Kc7 43. f3 Kd6 44. Rc1 b6 45. Rd1+ Ke7 46. Ra1 Kd6 47.
Bg8 a5 48. bxa5 bxa5 49. Rxa5 Ke7 50. Ra8 Kd7 51. Bb3 h5 52. Rg8 Ke7 53. Ba4 c5
54. Rh8 h4 55. Rc8 Kd6 56. Rc6+ 1-0

[Event "Challenge"]
[Site "http://www.queenalice.com/game.php?id=765825"]
[Date "2010.4.25"]
[Round "-"]
[White "solo"]
[Black "pancas"]
[Result "1-0"]
[WhiteElo "1793"]
[BlackElo "1842"]

1. e4 e5 2. Qh5 Nc6 3. Bc4 g6 4. Qf3 Nf6 5. c3 Bg7 6. d3 O-O 7. Bg5 d6 8. h3 h6
9. Bxf6 Qxf6 10. Bd5 Ne7 11. Nd2 Nxd5 12. exd5 b6 13. Ne4 Qe7 14. c4 Bf5 15. Ne2
Bxe4 16. dxe4 Qd7 17. O-O f5 18. exf5 Rxf5 19. Qe4 Raf8 20. f3 h5 21. Ng3 Rf4
22. Qxg6 h4 23. Nh5 R4f5 24. Nxg7 Qxg7 25. Qxg7+ Kxg7 26. Rae1 Rf4 27. Re4 Kg6
28. Rfe1 Kg5 29. b3 Rg8 30. Kf2 a5 31. a4 Rf6 32. Rg4+ Kh5 33. Rxg8 Rf7 34. Re4
Rh7 35. Reg4 e4 36. Rxe4 Rh6 37. Reg4 Rf6 38. Rh8+ Rh6 39. Rxh6+ Kxh6 40. Rxh4+
1-0

[Event "Challenge"]
[Site "http://www.queenalice.com/game.php?id=773115"]
[Date "2010.5.9"]
[Round "-"]
[White "solo"]
[Black "who_dat"]
[Result "0-1"]
[WhiteElo "1801"]
[BlackElo "1770"]

1. e4 e5 2. Qh5 Nf6 3. Qxe5+ Be7 4. d3 O-O 5. h3 Re8 6. Qg3 d5 7. Bh6 g6 8. Nd2
dxe4 9. Nxe4 Nxe4 10. dxe4 Bb4+ 11. c3 Rxe4+ 12. Ne2 Bc5 13. Rd1 Qe7 14. f3 Ra4
15. a3 Nc6 16. Bf4 Bf5 17. Rd2 Rc8 18. Kd1 b5 19. Nd4 Bxd4 20. cxd4 b4 21. Bb5
Ra5 22. Re1 Qd7 23. Bxc6 Qxc6 24. Ke2 bxa3 25. bxa3 Rxa3 26. Kf1 Qd7 27. Qf2 a5
28. Be5 a4 29. Ra2 Rxa2 30. Qxa2 Re8 31. Ra1 Ra8 32. Qc4 c5 33. Qxc5 Rc8 34. Qb4
Qe6 35. Qxa4 f6 36. Bf4 g5 37. Bd2 Bd3+ 38. Kg1 Qe2 39. Qd1 Qe6 40. Bxg5 Bc2 41.
Qd2 fxg5 42. Qxg5+ Kf8 43. Qf4+ Kg8 44. Qg5+ Kf8 45. Qf4+ Kg8 46. Rc1 Rc4 47.
Qb8+ Kf7 48. Qf4+ Ke7 49. Qh4+ Kd6 50. Qf4+ Kd5 51. Qg5+ Kxd4 52. Qd2+ Bd3 53.
Qf4+ Kc5 54. Qc7+ Qc6 55. Qa5+ Kd4 56. Qa1+ Ke3 57. Qa7+ Kd2 58. Rxc4 Qxc4 59.
Qa5+ Qc3 60. Qa2+ Bc2 61. Qd5+ Kc1 62. Qg5+ Qd2 63. Qxd2+ Kxd2 64. Kf2 Kd3 65.
g4 Kd4 66. Kg3 Ke5 67. f4+ Kf6 68. Kh4 Bg6 69. Kg3 Ke6 70. Kh4 Be4 71. Kg3 Kd5
72. h4 Ke6 73. h5 Kf6 74. Kh4 Bc2 75. h6 Kg6 76. g5 Bf5 77. Kg3 Kh5 78. Kf3 Kh4
79. Kf2 Kg4 80. Ke3 Kg3 0-1

[Event "Challenge"]
[Site "http://www.queenalice.com/game.php?id=779095"]
[Date "2010.5.22"]
[Round "-"]
[White "krambo1"]
[Black "solo"]
[Result "1-0"]
[WhiteElo "1949"]
[BlackElo "1811"]

1. d4 d5 2. c4 dxc4 3. Nf3 c6 4. Nc3 f6 5. e4 b5 6. a3 Bg4 7. Be2 a6 8. O-O e6
9. e5 Be7 10. exf6 Bxf6 11. Be3 Ne7 12. Ne4 Nd5 13. h3 Bf5 14. Nc5 Nd7 15. Nxd7
Qxd7 16. Ne5 Bxe5 17. dxe5 O-O 18. Bc5 Rf7 19. Qd2 Nc7 20. Bd6 Ne8 21. Rad1 Be4
22. Qe3 Bd5 23. Rd4 Nxd6 24. exd6 Qxd6 25. Rh4 c5 26. Bd1 Qc6 27. f3 Re8 28. Bc2
g6 29. Qh6 e5 30. Rg4 Ree7 31. Bxg6 hxg6 32. Rxg6+ Rg7 33. Rxc6 Bxc6 34. Qxc6
Ra7 35. Rd1 Kh7 36. Rd6 Rgf7 37. Rh6+ Kg7 38. Rg6+ Kh7 39. Rg4 Rg7 40. Qxc5 Rae7
41. Rh4+ Kg8 42. Qc8+ Kf7 43. Qxa6 1-0